The veterinary clinics of North America" small animal practice
Đã lưu trong:
| 主要作者: | |
|---|---|
| 格式: | 图书 |
| 语言: | Undetermined |
| 出版: |
Philadelphia
Saunders
1980
|
| 主题: | |
| 标签: |
添加标签
没有标签, 成为第一个标记此记录!
|
| Thư viện lưu trữ: | Trung tâm Học liệu Trường Đại học Cần Thơ |
|---|
| LEADER | 00558nam a2200193Ia 4500 | ||
|---|---|---|---|
| 001 | CTU_126151 | ||
| 008 | 210402s9999 xx 000 0 und d | ||
| 082 | |a 636.089705 | ||
| 082 | |b W822/Vol.10/No.4 | ||
| 100 | |a Withrow, Stephen J. | ||
| 245 | 4 | |a The veterinary clinics of North America" | |
| 245 | 0 | |b small animal practice | |
| 245 | 0 | |c Stephen J. Withrow | |
| 260 | |a Philadelphia | ||
| 260 | |b Saunders | ||
| 260 | |c 1980 | ||
| 650 | |a Veterinary surgery,Cryosurgery | ||
| 904 | |i Nguyên | ||
| 980 | |a Trung tâm Học liệu Trường Đại học Cần Thơ | ||